000 00831nam a2200229 u 4500
001 66290
005 20180714074012.0
008 161005s2006 mx a r 000 0 spa d
020 _a9789681680152
041 _aspa
082 0 _a973.1
_bOGO
100 1 _aO´Gorman, Edmundo
_eautor
245 1 3 _aLa invención de América :
_binvestigación acerca de la estructura histórica del nuevo mundo y del sentido de su devenir /
_cEdmundo OGorman.
250 _aCuarta edición
264 1 _aMéxico :
_bFondo de Cultura Económica,
_c2006
300 _a259 páginas :
_bilustraciones ;
_c17 cm.
336 _atexto
_2rdacontent
337 _asin mediación
_2rdamedia
338 _avolumen
_2rdacarrier
490 0 _aColección biblioteca universitaria de bolsillo
650 4 _aAmérica
_xHistoria
_xDescubrimiento
999 _c66290
_d66290